| 000 | 00933nam a22002777a 4500 | ||
|---|---|---|---|
| 003 | dpl | ||
| 005 | 20180613164606.0 | ||
| 008 | 180613b xxu||||| |||| 00| 0 eng d | ||
| 010 | _aB-157558 | ||
| 020 |
_c00.00 _a0070598371 |
||
| 035 | _aA-895165, B-157561 | ||
| 037 | _bCen Lib/Ret | ||
| 040 |
_aDPL _bEN _c0 |
||
| 082 |
_a658.8 _bDEB |
||
| 100 |
_aDe Bonis, J. Nicholas _9102221 |
||
| 245 |
_aValue based marketing for bottom-line success : _cby J.Nicholas De Bonis, Eric W. Balinski [and] Phill Allen _b5 steps to creating customer value / |
||
| 260 |
_aNew Delhi _bTata McGraw Hill Publishing Company _c2004 |
||
| 270 |
_bNew Delhi _a7 west patel nagar _e110008 |
||
| 300 |
_axix, 245p. _c23cm(Hb) |
||
| 500 | _aIncludes index | ||
| 650 |
_aMarketing _96818 |
||
| 650 |
_aBusiness _98513 |
||
| 700 |
_aBalinski, Eric _926411 |
||
| 700 |
_aAllen, Phil _926412 |
||
| 942 |
_2ddc _cEN _h658.8 _mDEB |
||
| 999 |
_c129456 _d129456 |
||